[Event "GCT Cote d Ivoire Blitz 2019"]
[Site "Abidjan"]
[Date "2019.05.11"]
[Round "1"]
[White "Nakamura, Hikaru"]
[Black "Wei, Yi"]
[Result "1/2-1/2"]
[WhiteElo "2805"]
[BlackElo "2737"]
[Annotator "TA"]
[PlyCount "110"]
[EventDate "2019.05.05"]
[EventType "tourn"]
[EventCountry "IVO"]
[SourceTitle "playchess.com"]
[Source "ChessBase"]
[SourceQuality "1"]

{[%evp 17,110,30,19,29,22,20,22,28,12,13,22,12,20,17,34,10,14,4,11,11,11,11,15,11,11,12,11,4,10,4,10,5,6,5,6,6,6,5,10,0,12,6,6,6,6,6,6,3,31,0,0,0,0,-12,0,-8,-8,-86,-30,-30,0,0,-2,-184,-177,-177,-177,-177,-204,-245,-178,-499,-431,-880,-537,-560,-523,-395,0,-432,0,-445,-442,-443,0,0,0,0,0,0,0,0,0,0,0]} 1. e4 e5 2. Nf3 Nf6 3. Nxe5 d6 4. Nf3 Nxe4 5. d4 d5 6. Bd3 Bf5 $146 ({Predecessor:} 6... Be7 7. O-O {½-½ (42) Zhigalko,S (2616)-Kuzubov,Y (2660) Ankara 2018}) 7. O-O Be7 8. Re1 O-O 9. c4 Nc6 10. cxd5 {C42: Petroff Defence: 3 Nxe5 and unusual White 3rd moves} Qxd5 11. Nc3 Nxc3 12. bxc3 Bxd3 13. Qxd3 Rae8 14. Bf4 Bd6 15. c4 Qh5 16. Bxd6 cxd6 17. Qa3 Qa5 18. Qxd6 Rxe1+ 19. Rxe1 Rd8 20. Re2 {[#] aiming for d5.} Qa4 21. Qc7 Rf8 22. Rd2 Qxc4 23. h3 {Strongly threatening d5.} b5 $1 24. d5 Nd4 $1 {[%cal Rd4f3]} 25. d6 Qxc7 $1 26. dxc7 $11 {[%mdl 4096] Endgame KRN-KRN} Ne6 27. Nd4 {Black must now prevent Nxe6.} Nxc7 28. Rc2 Nd5 29. Rc5 Nb4 30. a3 Nd3 31. Rxb5 g6 32. Ra5 Re8 33. f3 Re7 34. Nc6 Rc7 35. Nxa7 Rc1+ 36. Kh2 Rc2 37. Rg5 (37. Kg3 $11 {remains equal.}) 37... h6 (37... f5 $17 {...Ne5 is the strong threat.} 38. Nb5 Kf7) 38. Rg4 h5 39. Re4 f5 40. Re6 $2 (40. Rd4 $11 {and White has nothing to worry.} Ne1 41. Kg1) 40... Nf4 $1 $19 {[%csl LRe6,LRg2][%mdl 64] [#] Double Attack} 41. Rb6 Rxg2+ 42. Kh1 {Threatens to win with Rb4.} Rg3 43. a4 Rxf3 44. Nb5 $2 (44. h4) 44... h4 45. a5 (45. Rc6 $142 Rxh3+ 46. Kg1) 45... Rf1+ 46. Kh2 Rf2+ 47. Kh1 Rf1+ 48. Kh2 Rf2+ $2 (48... g5 $19 {And now ...g4 would win.} 49. Rb8+ Kf7 50. Rb7+ Kf6) 49. Kg1 $2 {[%mdl 8192]} (49. Kh1 $11 {and White is okay.}) 49... Nxh3+ 50. Kh1 {Black should prevent a6.} g5 $2 (50... Kg7 $19 51. a6 Ng5) 51. a6 $11 {Hoping for a7.The position is equal.} g4 {( -> ...g3)} 52. a7 Rf1+ 53. Kh2 Rf2+ 54. Kh1 Rf1+ (54... Ra2 $5 55. Rb8+ $8 Kh7 $11) 55. Kh2 Rf2+ {Accuracy: White = 50%, Black = 69%.} 1/2-1/2

[Event "GCT Cote d Ivoire Blitz 2019"]
[Site "Abidjan"]
[Date "2019.05.11"]
[Round "1"]
[White "Vachier-Lagrave, Maxime"]
[Black "So, Wesley"]
[Result "1-0"]
[WhiteElo "2792"]
[BlackElo "2772"]
[Annotator "TA"]
[PlyCount "113"]
[EventDate "2019.05.05"]
[EventType "tourn"]
[EventCountry "IVO"]
[SourceTitle "playchess.com"]
[Source "ChessBase"]
[SourceQuality "1"]

{[%evp 20,113,16,15,33,11,25,28,26,17,35,-14,-14,-29,-21,-35,-38,-32,-33,-36,-27,-66,-68,-70,-65,-68,-71,-48,-52,-70,-46,-91,-96,-128,-103,-110,-45,-10,-25,-13,-22,-103,-104,-113,-106,-106,-108,-93,-87,-116,-79,-72,-71,-71,-45,-148,-148,-177,-169,-434,-249,-431,-171,-610,-169,-686,-174,-560,-151,-136,8,8,8,8,8,8,8,8,8,8,8,8,8,8,8,8,59,59,29975,29975,29979,29965,29976,29977,29980,29982]} 1. Nf3 d5 2. g3 c5 3. Bg2 Nc6 4. d4 e6 5. O-O Nf6 6. c4 dxc4 7. dxc5 Qxd1 8. Rxd1 Bxc5 9. Nbd2 c3 10. bxc3 O-O 11. Nb3 Be7 {E04: Open Catalan: 5 Nf3} 12. Nfd4 Nxd4 13. cxd4 Nd5 {White has an edge.} 14. Bd2 (14. Na5 Bb4 15. Bd2 Nc3 16. Nxb7 Nxe2+ 17. Kf1 Nc3 18. Bxc3 Bxc3 19. Rac1 Bxb7 20. Bxb7 {½-½ (31) Rapport,R (2726)-Yu,Y (2751) Shenzhen 2019}) 14... f5 15. Rac1 b6 16. Bxd5 $146 ({Predecessor:} 16. Re1 Ba3 17. Bxd5 exd5 18. Rc7 Ba6 19. Bc1 {0-1 (35) Tsolakidou,S (2366)-Ramesh,R (2470) Barcelona 2017}) 16... exd5 17. Rc7 Bd8 18. Rc2 $1 Ba6 19. Bf4 Be7 20. Rdc1 Ba3 $36 {[%mdl 2048] Black has good play.} 21. Rb1 Rac8 22. Na1 $1 Rfe8 23. Be5 Kf7 24. Kf1 g5 25. Rb3 Be7 26. Rbc3 Rxc3 27. Rxc3 Rc8 (27... Bc4 $17 28. Nc2 Ke6) 28. Rxc8 $15 Bxc8 {[%mdl 4096] Endgame KBB-KBN} 29. Bb8 $1 Bd8 30. Nc2 (30. Bxa7 $11 Ba6 31. Nc2) 30... a5 $17 31. Ke1 Ba6 32. Kd2 Bc4 33. a3 Ke6 34. Ne3 Bb5 35. Nd1 Be7 36. Nc3 Bc6 37. a4 (37. Bc7 $15) 37... Kd7 38. Kc2 Bb4 $1 39. Nb5 $2 (39. f3) 39... Be1 (39... Bxb5 $142 40. axb5 Be1) 40. f3 $2 (40. Nc3 {only move.}) 40... g4 $2 (40... Bxb5 41. axb5 g4) 41. fxg4 $2 (41. Nc3) 41... fxg4 $2 (41... Bxb5 42. axb5 fxg4) 42. Bf4 $2 (42. Nc3) 42... Bf2 $2 (42... Bxb5 43. axb5 Bf2) 43. Kd3 $2 {[#]} (43. Nc3 {nothing else works.}) 43... Bg1 $2 (43... Bxb5+ $1 $19 {and Black stays clearly on top.} 44. axb5 Bg1) 44. Nc3 Bxh2 (44... Bb7 $17 45. e3 Ba6+ 46. Kd2 Bc4) 45. e3 $11 h5 46. Ke2 $1 h4 47. gxh4 {[%mdl 64] Discovered Attack} Bxf4 48. exf4 {next f5 is good for White. KB-KN} Ke6 49. Kf2 Kf5 50. Kg3 Be8 51. h5 Bxh5 52. Nxd5 Be8 ({Black should play} 52... Ke6 $11 53. Nxb6 Kd6) 53. Nxb6 $14 {Black must now prevent d5.} Bf7 $2 {[%mdl 8192] [#]} (53... Ke6 $14) 54. d5 $1 {[%cal Rd5d6] White mates.} Bg6 55. Nc4 Bh5 56. Nxa5 Bf7 57. Nc4 {Accuracy: White = 37%, Black = 34%.} 1-0

[Event "GCT Cote d Ivoire Blitz 2019"]
[Site "Abidjan"]
[Date "2019.05.11"]
[Round "1"]
[White "Ding, Liren"]
[Black "Nepomniachtchi, Ian"]
[Result "0-1"]
[WhiteElo "2786"]
[BlackElo "2776"]
[Annotator "TA"]
[PlyCount "83"]
[EventDate "2019.05.05"]
[EventType "tourn"]
[EventCountry "IVO"]
[SourceTitle "playchess.com"]
[Source "ChessBase"]
[SourceQuality "1"]

{[%evp 9,83,22,23,4,50,0,47,12,24,8,0,16,28,-6,28,39,43,37,42,18,17,10,14,0,0,-8,0,0,0,-50,-53,-60,-23,-41,-27,-40,-20,-20,-18,-17,-8,-11,-10,-52,-52,-54,-57,-48,-49,-76,-45,-65,-43,-39,-8,-20,-17,-22,-22,-25,-19,-71,-72,-61,-62,-76,-77,-70,-31,-40,-31,-15,-19,-65,-67,-652]} 1. c4 e5 2. g3 Nc6 3. Bg2 h5 4. h3 Bc5 5. Nc3 d6 6. e3 {A20: English Opening: 1...e5} (6. d3 {keeps more tension.} Be6 7. e3 Bb6 8. Nge2 Qd7 9. Nd5) 6... Be6 7. b3 Nge7 8. Nge2 {[#] Hoping for d4.White is slightly better.} d5 9. d4 exd4 10. exd4 {Strongly threatening cxd5.} Bb4 11. O-O (11. c5 {seems wilder.} h4 12. g4 b6 13. O-O bxc5 14. Na4) 11... Bxc3 $146 12. Nxc3 {Re1 is the strong threat.} Qd7 13. cxd5 Nxd5 14. Nxd5 Bxd5 15. Re1+ Kf8 16. Be3 (16. Bxd5 {looks sharper.} Qxd5 17. Be3 Rd8 18. Rc1 Qf5 19. Qe2) 16... Rd8 17. Rc1 Bxg2 18. Kxg2 Ne7 19. d5 Nxd5 20. Qf3 c6 21. b4 a6 22. a4 f6 23. b5 axb5 24. axb5 Kf7 25. bxc6 bxc6 26. Rc4 Rde8 27. Bd2 Rxe1 28. Bxe1 g6 29. Bc3 Re8 30. Bd4 Qe6 31. Ra4 Re7 32. Ra6 Qe4 33. Bc5 Qxf3+ 34. Kxf3 $11 {[%mdl 4096] Endgame KRB-KRN} Rc7 35. g4 (35. Ra8 $11) 35... h4 $17 36. Ke4 Ke6 37. f4 f5+ 38. Kf3 Nf6 39. Bf2 fxg4+ 40. hxg4 h3 41. Ra1 Rb7 {[#] aiming for ...Rb3+.} 42. Bd4 $2 {[%mdl 8192] Accuracy: White = 42%, Black = 65%.} (42. f5+ $15 gxf5 43. Re1+ Kd6 44. Bg3+ Kd5 45. Rd1+ Ke6 46. Re1+ Kd7 47. gxf5 Rb3+ 48. Kf4 Nh5+ 49. Kg4 Rxg3+ 50. Kh4) 0-1

[Event "GCT Cote d Ivoire Blitz 2019"]
[Site "Abidjan"]
[Date "2019.05.11"]
[Round "1"]
[White "Topalov, Veselin"]
[Black "Karjakin, Sergey"]
[Result "1-0"]
[WhiteElo "2736"]
[BlackElo "2773"]
[Annotator "TA"]
[PlyCount "108"]
[EventDate "2019.05.05"]
[EventType "tourn"]
[EventCountry "IVO"]
[SourceTitle "playchess.com"]
[Source "ChessBase"]
[SourceQuality "1"]

{[%evp 11,108,0,0,0,0,0,0,0,0,0,0,0,0,0,0,6,45,23,38,43,42,31,32,27,43,20,24,28,39,8,15,9,68,34,75,75,75,75,81,84,85,22,35,29,48,18,44,22,27,15,95,102,110,111,100,41,101,99,101,102,150,164,153,137,118,133,123,128,121,133,136,133,173,185,173,178,176,178,183,179,204,202,195,186,177,151,214,157,138,132,125,44,170,177,165,164,223,154,158]} 1. c4 Nf6 2. Nc3 e5 3. Nf3 Nc6 4. a3 d5 5. cxd5 Nxd5 6. Qc2 Nxc3 7. dxc3 {A28: English Opening: Four Knights Variation} Be7 (7... Bd6 8. e4 O-O 9. Bc4 Qe7 10. Bg5 Qe8 11. O-O-O Be6 12. Bd5 f6 13. Be3 Bxd5 14. Rxd5 Ne7 {½-½ (49) Topalov,V (2749)-Giri,A (2777) Shamkir 2018}) 8. e4 Qd6 9. Be3 {The position is equal.} O-O 10. Bc4 $146 ({Predecessor:} 10. Nd2 Kh8 11. f3 Qg6 12. h4 Be6 13. g4 f6 14. Bc4 Bxc4 15. Nxc4 {½-½ (59) Stoeckert,M (2455)-Matei,C (2427) ICCF email 2015}) 10... Qg6 11. O-O Bh3 {[%csl Gh3][%cal Rg6g2]} 12. Ne1 Rad8 13. b4 Kh8 14. f3 Bg5 15. Bxg5 Qxg5 16. Nd3 Bc8 17. Rad1 f6 18. Nc5 Qe3+ 19. Kh1 b6 20. Ne6 Bxe6 21. Bxe6 Ne7 ({Better is} 21... Rxd1 $11 22. Rxd1 h5) 22. Rfe1 Qg5 23. Rd3 h5 24. Red1 Rxd3 25. Qxd3 Ng6 {And now ...Nf4! would win.} 26. Qd2 (26. g3 $16) 26... Nf4 $11 27. Bc4 h4 28. Bf1 f5 29. exf5 Qxf5 30. Qe3 Qc2 {[#]} (30... c6 $11 {keeps the balance.}) 31. Qe1 $1 $16 {[%cal Re1h4]} h3 {[%cal Rh3g2]} 32. Qh4+ Qh7 33. Qxh7+ Kxh7 {[%mdl 4096] Endgame KRB-KRN} 34. g3 Ng6 35. Be2 Rf7 36. Kg1 Nf8 37. Kf2 e4 38. f4 g5 39. Ke3 gxf4+ 40. gxf4 Ng6 41. Bh5 (41. Kxe4 Rxf4+ 42. Ke3 Rf7 $14) 41... Kh6 42. Bxg6 $1 Kxg6 $18 {KR-KR} 43. Rg1+ Kf6 {intending ...Rd7.} 44. Rg3 (44. Kxe4 Re7+ 45. Kf3 Rd7 $16) 44... Rh7 45. Kxe4 Rh8 46. b5 Rh5 47. c4 Rc5 48. Kd4 ({Don't take} 48. Rxh3 $6 Rxc4+ 49. Kf3 Rc2 $16) 48... Rf5 (48... c6 $16 {is a better defense.}) 49. Rf3 Rh5 50. Ke4 Rc5 {[#]} 51. Rc3 (51. Kd3 $1 $16) 51... Rh5 ({Black should play} 51... c6 $14) 52. a4 {White is clearly better.} Rc5 53. Kd4 ({Don't play} 53. Rxh3 $6 Rxc4+ 54. Kf3 Rxa4 $14) 53... Rh5 (53... Rf5 $142 54. Rf3 (54. Rxh3 Rxf4+ 55. Kd5 Kg7 $16) 54... Rh5) 54. Re3 Rh4 {Accuracy: White = 56%, Black = 61%.} 1-0

[Event "GCT Cote d Ivoire Blitz 2019"]
[Site "Abidjan"]
[Date "2019.05.11"]
[Round "1"]
[White "Amin, Bassem"]
[Black "Carlsen, Magnus"]
[Result "1/2-1/2"]
[WhiteElo "2683"]
[BlackElo "2867"]
[Annotator "TA"]
[PlyCount "112"]
[EventDate "2019.05.05"]
[EventType "tourn"]
[EventCountry "IVO"]
[SourceTitle "playchess.com"]
[Source "ChessBase"]
[SourceQuality "1"]

{[%evp 11,112,18,16,16,14,18,17,16,16,23,20,14,15,0,0,0,0,0,0,0,0,0,0,0,0,0,0,0,0,0,0,0,0,0,0,-30,-30,-30,3,0,-4,-30,0,0,0,-51,-51,-51,-51,-51,-51,-86,-34,-55,-55,-86,-86,-86,-86,-86,-30,-86,-86,-86,-30,-79,-30,-30,-30,-30,-30,-30,-30,-36,-22,-22,-22,-103,-103,-103,-103,-103,-103,-110,-110,-110,-110,-110,-110,-110,-110,-110,-110,-110,0,0,0,0,0,0,0,-33,-33]} 1. e4 c5 2. Nf3 Nc6 3. Bb5 g6 4. Bxc6 dxc6 5. d3 Bg7 6. h3 e5 7. a4 {B31: Sicilian: 2...Nc6 3 Bb5 g6} a5 8. Be3 b6 9. Na3 {The position is equal.} Qc7 10. O-O Ne7 11. Nc4 Be6 12. Ng5 $146 ({Predecessor:} 12. Nfd2 O-O 13. f4 exf4 14. Bxf4 {0-1 (37) Velikhanli,F (2310)-Mamedov,R (2584) Baku 2007}) 12... Bxc4 $1 13. dxc4 h6 14. Nf3 Nc8 15. Nd2 (15. Qe2 {looks sharper.} Nd6 16. Bd2 O-O-O 17. Bc3 Rhe8 18. Rfe1) 15... O-O 16. Qe2 Nd6 17. Rad1 Rae8 18. b3 f5 {Strongly threatening ...f4.} 19. f3 Kh7 (19... f4 $5 20. Bf2 $8 Bf6 $11) 20. Bf2 Nf7 21. Bh4 Nd8 22. Bxd8 Rxd8 23. Rfe1 f4 24. Nb1 Bf6 25. Rxd8 Rxd8 26. Rd1 Bh4 27. Rxd8 Qxd8 28. Qd3 ({White should play} 28. Qd2 $11) 28... Qxd3 $15 29. cxd3 {[%mdl 4096] Endgame KB-KN} Be1 30. Na3 Kg7 31. Nc2 {[#]} Bc3 (31... Bd2 $1 $17) 32. Kh2 Kf6 33. h4 h5 34. Kh3 Ke6 35. Kh2 Kd6 (35... Ke7 $17) 36. Kh3 (36. g4 $11) 36... Bd2 $17 37. Kh2 Kc7 ({Better is} 37... Ke6 $17) 38. Kh3 Kb7 39. Kh2 Bc1 40. Kg1 Bb2 41. Kf2 Kc7 42. Kf1 b5 {[%cal Bb6b5,Bb5b4][%mdl 32]} 43. Kf2 Kd6 44. Ne1 (44. g4 $11 {remains equal.}) 44... Bd4+ 45. Kf1 {[#]} b4 $1 46. Nc2 Bc3 47. Kg1 Ke6 48. Kh2 Kf6 49. Kh3 g5 50. Kh2 gxh4 51. Kh3 Kg6 52. Kh2 h3 (52... Bd2 $17) 53. gxh3 $11 Kg5 54. Kg2 Kh4 55. Kh2 Kg5 56. Kg2 h4 {Accuracy: White = 61%, Black = 70%.} 1/2-1/2

[Event "GCT Cote d Ivoire Blitz 2019"]
[Site "Abidjan"]
[Date "2019.05.11"]
[Round "2"]
[White "Carlsen, Magnus"]
[Black "Vachier-Lagrave, Maxime"]
[Result "0-1"]
[WhiteElo "2867"]
[BlackElo "2792"]
[Annotator "TA"]
[PlyCount "88"]
[EventDate "2019.05.05"]
[EventType "tourn"]
[EventCountry "IVO"]
[SourceTitle "playchess.com"]
[Source "ChessBase"]
[SourceQuality "1"]

{[%evp 18,88,15,9,12,0,0,0,0,0,0,0,0,-12,-9,-10,17,12,18,0,29,25,26,28,74,61,79,73,102,100,87,102,80,99,88,76,88,87,79,82,74,75,100,68,60,42,115,113,175,172,176,182,161,84,84,72,87,72,76,62,78,53,115,115,116,0,0,-8,-8,-893,-876,-1050,-1030]} 1. e4 c5 2. Nf3 d6 3. d4 cxd4 4. Nxd4 Nf6 5. Nc3 a6 6. Be3 e5 7. Nf3 Be7 8. Bc4 O-O 9. O-O Be6 10. Bb3 b5 {B90: Sicilian Najdorf: Unusual White 6th moves, 6 Be3 Ng4 and 6 Be3 e5} 11. Bg5 (11. Re1 Qc8 12. Bg5 Nbd7 13. Re2 Qb7 14. Rd2 Rfe8 15. Bxf6 Nxf6 16. Qe2 Rac8 17. Nd5 Nxd5 18. Bxd5 {½-½ (28) Nisipeanu,L (2674)-Wojtaszek,R (2749) Germany 2018}) 11... Nbd7 12. Re1 Rc8 {The position is equal.} 13. a3 h6 $146 ({Predecessor:} 13... Ne8 14. Be3 h6 15. h3 Qc7 16. a4 b4 17. Nd5 Bxd5 18. Qxd5 {1-0 (38) Korneev,O (2621)-Noroozi,O (2385) Baku 2013}) 14. Bxf6 Nxf6 15. Nd2 Bg4 16. f3 Qb6+ 17. Kh1 Be6 18. Nf1 Rc5 19. Ne3 Rfc8 20. Re2 Rxc3 21. bxc3 Rxc3 22. Qe1 $36 {[%mdl 2048] Black is under strong pressure.} Qc6 23. a4 b4 24. Nd1 Bxb3 25. Nxc3 Bc4 26. Nd1 $1 Bxe2 27. Qxe2 d5 28. exd5 Nxd5 29. Qe4 Qe6 30. Ne3 Nc3 31. Qc4 Qg6 ({Black should play} 31... Qxc4 $14 32. Nxc4 f6) 32. a5 $16 Kh7 (32... Bf8 $16 {might work better.}) 33. Re1 $18 e4 34. fxe4 Nxe4 35. Nd5 (35. Qd5 $18) 35... Nf2+ $16 36. Kg1 Nh3+ 37. Kf1 Qf5+ 38. Ke2 Qe5+ 39. Ne3 $1 Nf4+ (39... Ng5 $1 $14) 40. Kf1 $1 Ne6 {[#]} 41. Qxa6 (41. Nd5 $1 $16 Qf5+ 42. Kg1) 41... Qxh2 $11 42. Qd3+ Kg8 {Strongly threatening ...Bh4.} 43. a6 $2 {[%mdl 8192] [#]} (43. Nd5 $11 Qh1+ 44. Ke2 Qxg2+ 45. Kd1) 43... Bh4 $1 $19 {( -> ...Qh1+)} ({Stronger than} 43... Bc5 44. Qc4 $11) 44. Qd2 Nf4 {Accuracy: White = 58%, Black = 61%.} 0-1

[Event "GCT Cote d Ivoire Blitz 2019"]
[Site "Abidjan"]
[Date "2019.05.11"]
[Round "2"]
[White "Nakamura, Hikaru"]
[Black "Amin, Bassem"]
[Result "0-1"]
[WhiteElo "2805"]
[BlackElo "2683"]
[Annotator "TA"]
[PlyCount "84"]
[EventDate "2019.05.05"]
[EventType "tourn"]
[EventCountry "IVO"]
[SourceTitle "playchess.com"]
[Source "ChessBase"]
[SourceQuality "1"]

{[%evp 12,94,20,4,28,4,4,5,11,18,13,0,19,-34,-39,-28,-17,0,-15,-13,0,-10,0,0,0,-19,-17,-36,-20,-14,-16,-14,0,-43,-36,-218,-49,-69,-39,-42,-9,-24,-14,-18,-24,-18,0,0,0,-35,-35,-70,-77,-317,-316,-445,-454,-305,-444,-437,-436,-373,-418,-499,-493,-612,-589,-597,-582,-670,-659,-1119,-1110,-1061,-732,-1969,-1947,-1849,-1897,-1827,-1865,-29972,-3114,-5808,-5795]} 1. Nf3 Nf6 2. b3 g6 3. Bb2 Bg7 4. d4 O-O 5. e3 d6 6. Be2 Nbd7 7. O-O Re8 {A48: 1 d4 Nf6 2 Nf3 g6: Torre, London and Colle Systems} (7... e6 8. c4 Qe7 9. Nc3 Re8 10. Nb5 Nf8 11. c5 a6 12. cxd6 cxd6 13. Nc3 b5 14. Nd2 Bb7 15. a4 bxa4 16. Nxa4 {1-0 (25) Nakamura,H (2786)-Grigoriants,S (2576) chess.com INT 2017}) 8. a4 $146 ({Predecessor:} 8. c4 c6 9. Nc3 e5 10. dxe5 dxe5 11. Qc2 Qc7 12. Rad1 a5 13. Ba3 e4 14. Bd6 Qb6 15. Ng5 Nc5 16. Bxc5 Qxc5 17. Ngxe4 Nxe4 18. Nxe4 Qe7 19. Nd6 Rd8 {½-½ (34) Dzagnidze,N (2522)-Lagno,K (2547) Riadh 2017}) 8... a5 9. Re1 c6 {The position is equal.} 10. Bf1 e5 11. dxe5 dxe5 12. Na3 (12. e4 $11) 12... e4 $15 13. Nd2 Nd5 14. Bxg7 Kxg7 15. Ndc4 Qf6 16. Qd4 Qxd4 17. exd4 N7f6 18. Ne5 Bf5 19. Nac4 Re6 20. Ne3 Nxe3 21. fxe3 h5 22. Bc4 Re7 23. Rf1 $2 {[#]} (23. Bf1 $15) 23... Rd8 $2 (23... Nd5 $1 $19 24. Bxd5 cxd5) 24. h3 h4 25. c3 Nd5 26. Bxd5 $1 cxd5 27. c4 $1 f6 28. Ng4 Bxg4 29. hxg4 $11 {[%mdl 4096] Endgame KRR-KRR} Rc7 30. cxd5 Rc3 $36 {[%mdl 2048] Black has some pressure.} 31. Rac1 Rxe3 32. g5 $2 {[#]} (32. Rc7+ $17 Kh6 33. Rxf6) 32... fxg5 $19 33. Rfe1 (33. Rc5 $142) 33... Rxe1+ 34. Rxe1 Rxd5 35. Rxe4 {KR-KR} Kf6 36. Kf2 Kf5 37. Kf3 b6 38. Ke3 g4 39. Re8 h3 40. g3 Kf6 41. Rc8 Rf5 42. Ke4 Ke6 {Played: Rf5-f3} 0-1

[Event "GCT Cote d Ivoire Blitz 2019"]
[Site "Abidjan"]
[Date "2019.05.11"]
[Round "2"]
[White "Nepomniachtchi, Ian"]
[Black "Topalov, Veselin"]
[Result "1/2-1/2"]
[WhiteElo "2776"]
[BlackElo "2736"]
[Annotator "TA"]
[PlyCount "152"]
[EventDate "2019.05.05"]
[EventType "tourn"]
[EventCountry "IVO"]
[SourceTitle "playchess.com"]
[Source "ChessBase"]
[SourceQuality "1"]

{[%evp 12,152,15,0,33,41,32,37,35,35,36,24,34,37,43,39,41,29,34,32,42,8,4,18,23,33,41,30,45,48,51,29,27,0,0,0,0,0,4,0,0,-7,26,25,33,20,31,0,18,19,30,15,34,38,34,34,39,39,54,52,86,98,98,93,100,59,107,68,93,95,134,114,124,71,74,81,114,112,98,66,133,127,103,38,49,0,8,0,8,0,0,0,0,0,0,0,0,0,0,0,0,0,0,0,0,-39,-56,-51,-39,-39,-36,-31,-8,-240,-239,-375,-379,-339,-331,-384,-387,-384,-370,-320,-303,-285,-285,-270,-192,-129,-24,-21,0,0,0,0,0,0,0,0,0,0,0]} 1. e4 e5 2. Nf3 Nc6 3. Bb5 Nf6 4. O-O Nxe4 5. Re1 Nd6 6. Nxe5 Be7 7. Bf1 Nf5 {C67: Ruy Lopez: Berlin Defence: 4 0-0 Nxe4} (7... Nxe5 8. Rxe5 O-O 9. d4 Bf6 10. Re1 Re8 11. c3 Rxe1 12. Qxe1 Ne8 13. d5 c6 14. Qd1 b6 15. Bf4 Bb7 16. dxc6 dxc6 17. Nd2 c5 18. Nc4 Qxd1 19. Rxd1 {½-½ (40) Anand,V (2774)-Caruana,F (2819) Karlsruhe/Baden Baden 2019}) 8. Nf3 O-O 9. d4 d5 {White is slightly better.} 10. c3 Bd6 11. b3 g6 $146 ({Predecessor:} 11... Nh4 12. Nxh4 Qxh4 13. g3 Qd8 14. Bg2 Ne7 15. c4 {½-½ (31) Deac,B (2603)-Adams,M (2701) Caleta 2019}) 12. Na3 a6 13. Nc2 Nce7 14. c4 {aiming for c5.} c6 15. Qd2 f6 16. Ba3 (16. Bd3 {seems wilder.} Ng7 17. h3 Re8 18. Ne3 Nh5 19. Ng4) 16... Bxa3 17. Nxa3 Rf7 18. Nc2 Bd7 19. Bd3 Qc7 20. Rac1 Rd8 21. Nb4 Qd6 22. cxd5 cxd5 23. Nc2 Nc6 24. b4 Ng7 25. a3 Bg4 26. Be2 Re7 27. Ne3 Be6 28. Rc5 Nf5 29. Bd1 Rde8 30. Ba4 Nxe3 31. Rxe3 Kg7 32. Bxc6 bxc6 33. h3 Bd7 34. Rcc3 Re4 35. Qe2 Qf4 36. Rxe4 dxe4 37. Nd2 Qd6 38. Nb3 Bc8 39. Rc1 Qd5 {[#]} 40. Qe3 $1 g5 41. Na5 Bd7 42. Nc4 (42. Rc5 $142 Qe6 43. Nc4) 42... Be6 $16 43. Nd2 Bf7 44. Rc5 Qd7 45. Ra5 ({Reject} 45. Nxe4 $6 Bg6 $11) 45... Rd8 (45... Bd5 $14) 46. Nxe4 Qxd4 47. Qxd4 ({Better is} 47. Rxa6 $16 Qc4 48. Qf3) 47... Rxd4 {[%mdl 4096] Endgame KRB-KRN} 48. Nc5 Rd1+ 49. Kh2 Rd2 50. f3 Bd5 51. Kg1 Rd1+ 52. Kf2 Rd2+ 53. Kf1 Bc4+ 54. Kg1 Rd1+ 55. Kh2 Rd2 56. Kg1 Rd1+ 57. Kf2 Rd2+ 58. Ke3 Rxg2 59. Nxa6 Rg3 60. Nc7 Rxh3 61. Rc5 Bf7 62. Kf2 $2 (62. a4 $11) 62... Rh2+ $19 63. Kg3 (63. Kg1 $142 Ra2 64. Rxc6) 63... Ra2 64. Rxc6 h5 ({Weaker is} 64... Rxa3 65. b5 $19) 65. b5 h4+ 66. Kh3 Rxa3 67. Kg2 Bh5 68. Ne6+ Kg6 69. Nd4 {intending b6.} h3+ 70. Kg3 {[#]} Rd3 (70... h2 $1 $17 {[%cal Rh2h1][%mdl 512]} 71. Kxh2 Bxf3) 71. Rc4 $11 h2 {The position is equal.} 72. Kxh2 {And now Rb4 would win.} Bxf3 73. Nxf3 Rxf3 74. Rb4 $1 {Hoping for b6.} Rd3 (74... Rf4 75. Rxf4 gxf4 76. b6 Kf5 77. b7 Ke5 78. b8=Q+ Kd4 79. Qxf4+ {[%mdl 64] Double Attack} Kc5 80. Qxf6) 75. b6 {b7 is the strong threat.} Rd8 76. b7 Rb8 {Accuracy: White = 58%, Black = 57%.} 1/2-1/2

[Event "GCT Cote d Ivoire Blitz 2019"]
[Site "Abidjan"]
[Date "2019.05.11"]
[Round "2"]
[White "So, Wesley"]
[Black "Ding, Liren"]
[Result "1/2-1/2"]
[WhiteElo "2772"]
[BlackElo "2786"]
[Annotator "TA"]
[PlyCount "73"]
[EventDate "2019.05.05"]
[EventType "tourn"]
[EventCountry "IVO"]
[SourceTitle "playchess.com"]
[Source "ChessBase"]
[SourceQuality "1"]

{[%evp 20,73,33,0,0,0,4,0,0,0,0,0,0,-22,-13,0,-17,-53,-20,-7,8,8,17,35,68,0,0,0,28,31,25,-5,0,0,0,0,0,0,0,0,0,-2,0,0,0,0,0,0,0,0,0,0,0,0,0,0]} 1. d4 Nf6 2. c4 e6 3. Nf3 d5 4. Nc3 c5 5. cxd5 Nxd5 6. e4 Nxc3 7. bxc3 cxd4 8. cxd4 Bb4+ 9. Bd2 Bxd2+ 10. Qxd2 O-O 11. Bd3 Nc6 {D41: Queen's Gambit Declined: Semi-Tarrasch with 5 cxd5} 12. Bc2 Qe7 $146 ({Predecessor:} 12... b6 13. O-O Bb7 14. d5 Na5 15. dxe6 fxe6 16. Qe2 Rc8 17. Rad1 Qc7 18. Nd4 Qe5 19. Rfe1 {½-½ (37) Wojtaszek,R (2737)-Kramnik,V (2794) Antalya 2017}) 13. O-O Rd8 14. e5 b6 15. Qd3 g6 16. Qe3 Bb7 17. Be4 Kg7 18. Rac1 Rac8 19. Qf4 h6 ({Reject} 19... Nxd4 $6 20. Nxd4 Rxd4 21. Qf6+ $1 {[%mdl 512]} Qxf6 22. exf6+ Kxf6 23. Bxb7 $16) 20. h4 Ba8 21. a3 b5 22. Rfd1 (22. d5 $1 $14 exd5 23. Bd3) 22... b4 $11 23. Bxc6 Bxc6 (23... Rxc6 {seems wilder.} 24. axb4 Rxc1 25. Rxc1 Rb8 26. Nd2 Rxb4 27. Nc4 g5) 24. axb4 Bxf3 25. Rxc8 Rxc8 {The position is equal.} (25... Bxd1 $2 {[#] is the wrong capture.} 26. Qf6+ $1 {[%mdl 512]} Qxf6 27. exf6+ Kxf6 28. Rxd8 $18) 26. Qxf3 Qxh4 {[%mdl 4096] Endgame KQR-KQR} 27. g3 Qe7 28. d5 exd5 29. Rxd5 h5 30. b5 Qe6 31. Kg2 Rc7 32. Qe4 Qg4 (32... Rd7 {is interesting.} 33. Rxd7 Qxd7 34. Qc6 Qf5 35. Qd6 Qe4+) 33. Qxg4 hxg4 34. Rd4 Rc5 35. Rxg4 Rxe5 36. Ra4 Rxb5 37. Rxa7 {Accuracy: White = 83%, Black = 74%.} 1/2-1/2